000 00951nam a2200289 i 4500
001 8453
003 ES-MaACL
005 20250823062241.0
007 t|
008 920618s1991 sp ||||1| spa d
020 _a84-206-5238-5
080 _a32(03)
080 _a342.5(03)
245 0 0 _aEnciclopedia de las instituciones políticas /
_cdirigida por Vernon Bogdanor ; versión española de Jesús Alborés... [et al.] ; revisión técnica de Santiago Sánchez González.
260 _aMadrid :
_bAlianza,
_cD.L. 1991.
300 _a805 p. ;
_c24 cm.
490 1 _aAlianza diccionarios
650 1 4 _aPolítica-
_vDiccionarios.
_916269
655 0 _aDiccionarios
_9193753
700 1 _aBogdanor, Vernon,
_9178153
700 1 _aAlborés, Jesús.
_919407
700 1 _aSánchez González, Santiago.
_9102686
830 0 _aAlianza diccionarios
_9177801
852 _aES-MaACL
_jL-15849
_9R.120145
942 _2udc
999 _c8453
_d8453